Word Ladder: Solid Mystery Theme Quiz Stats

 Plays Quiz Updated Jun 15, 2012

     
Support Sporcle.
Go Orange.
Score 0/22 Timer 02:00
0 Plays Today
HINT WORD % Correct
▄ ____ OF BROTHERS ▄▄ BAND ▄
95%
Connery, Bean, or HannitySEAN
90.7%
▄ A ____ IS BORN ▄▄ STAR ▄
89.2%
'Go ____ It On The Mountain'TELL
89.1%
Heidi Klum's singing exSEAL
87.6%
VendSELL
86.8%
'Pillow ____'TALK
86.2%
'The ____ That Rocks The Cradle'HAND
85.8%
Like Yao MingTALL
84.2%
Laurel, Lee, or Van GundySTAN
82.6%
Barracks bedBUNK
77.8%
HINT WORD % Correct
Teller's milieuBANK
76.9%
Upholstery nailTACK
74.6%
▄ LIKE DYLAN'S RAIN ▄▄ HARD ▄
69.7%
Billiards triangleRACK
69.7%
CharSEAR
67.4%
Oracle or clairvoyantSEER
66.2%
The Thundering ____HERD
62%
Pay attention toHEED
59.1%
'The Bad ____'SEED
58.7%
▄ EASTWOOD'S DAY-MAKER? ▄▄ PUNK ▄
47.8%
▄ COMMON BOND ▄▄ ROCK ▄
39.2%

Today's Daily Dose

Word Ladder
Drink to Me

Get the Picture
Big 4 'R' All-Stars

From the Vault

Asia: What Does It Border?

by WalshyMusic

Hopefully this doesn't cross the line.
Remove Ads.
Support Sporcle.
Get the best of Sporcle when you Go Orange. This ad-free experience offers more features, more stats, and more fun while also helping to support Sporcle. Thank you for becoming a member.

Show Comments

Extras

Top Quizzes Today


Score Distribution

Your Account Isn't Verified!

In order to create a playlist on Sporcle, you need to verify the email address you used during registration. Go to your Sporcle Settings to finish the process.

Report this User

Report this user for behavior that violates our Community Guidelines.

Details: